Loreto College Library, Kolkata
WEBOPAC (ONLINE PUBLIC ACCESS CATALOGUE)

Haroun and the sea of stories (Record no. 15025)

MARC details
000 -LEADER
fixed length control field 00546nam a2200193Ia 4500
005 - DATE AND TIME OF LATEST TRANSACTION
control field 20231010122639.0
008 - FIXED-LENGTH DATA ELEMENTS--GENERAL INFORMATION
fixed length control field 131103s9999 xx 000 0 und d
040 ## - CATALOGING SOURCE
Original cataloging agency Loreto College
041 ## - LANGUAGE CODE
Language code English
082 ## - DDC | ডিউই
Classification number | বর্গসংখ্যা F
Book Number | গ্রন্থাঙ্ক RUS
100 ## - MAIN ENTRY--PERSONAL NAME | মুখ্য সংলেখ - ব্যাক্তিনাম
Personal name | ব্যাক্তিনাম Rushdie,Salman
245 ## - TITLE STATEMENT | অাখ্যা বিবরণী
Title | অাখ্যা Haroun and the sea of stories
Statement of responsibility | লেখকের দায়িত্বের বিবরণ Salman Rushdie
260 ## - IMPRINT | প্রকাশনা ক্ষেত্র
Place of publication | প্রকাশ স্থান New Delhi
Name of publisher | প্রকাশকের নাম Penguin Book in association with Granta Books
Date of publication | প্রকাশ কাল 1990
300 ## - PHYSICAL DESCRIPTION |
Page / Vol. No | পৃষ্ঠা / খন্ড সংখ্যা 218 p.
504 ## - BIBLIOGRAPHY, ETC. NOTE
Bibliography, etc 1st published 1933 by Macmillan & Co. Ltd.
650 ## - SUBJECT ADDED ENTRY--TOPICAL TERM | বিষয় শিরোনাম - মূল বিষয়
Topical term | মূল বিষয় Fiction in English
850 ## - HOLDING INSTITUTION
Holding institution LCLIB
942 ## - ADDED ENTRY ELEMENTS (KOHA)
Koha item type Books
Holdings
Withdrawn status Lost status Source of classification Damaged status Not for loan Home library Current library Date acquired Total Checkouts Full call number Accession No. Date last seen Date checked out Price effective from Koha item type Coded location qualifier
    Dewey Decimal Classification     Loreto College Loreto College 04/11/2013 8 F RUS 41112 B15067 19/01/2018 19/01/2018 04/11/2013 Books